| 000 | 00463nam a2200169 a 4500 | ||
|---|---|---|---|
| 001 | 000028308 | ||
| 005 | 20200930031527.0 | ||
| 008 | 110407s1991 dr 000 0 spa d | ||
| 040 |
_aDO-SdBNP _bspa _cBNPHU |
||
| 082 |
_axxx _bC392c |
||
| 100 | 1 |
_aCela, Jorge _97887 |
|
| 245 | 1 | 4 |
_aUna ciudad con participación popular / _cJorge Cela. |
| 260 |
_aSanto Domingo : _bTaller, _c1991. |
||
| 300 |
_a39 p. ; _c21 p. |
||
| 504 | _aBibliografías p. 39 | ||
| 049 | _aBNPD | ||
| 999 |
_c27800 _d27800 |
||